Gaming Quiz

Random Gaming or Nintendo Quiz

Adepts in Golden Sun 1 and 2 (English) Quiz Stats

 Plays Quiz not verified by Sporcle

Challenge
Share
Tweet
Embed
Score 0/32 Timer 08:00
0 Plays Today
First Appeared at Adept % Correct
ValeIsaac
96.4%
ValeJenna
95.2%
ValeGaret
94.6%
ValeFelix
94%
ImilMia
93.2%
VaultIvan
91.1%
Mercury LighthouseAlex
88.7%
ValeMenardi
81.8%
MadraPiers
81.8%
ValeSaturos
81.5%
TolbiSheba
80.7%
MadraKarst
63.1%
ValeDora
60.7%
ValeKyle
59.5%
ChampaAgatio
56.8%
Lama TempleHama
56%
First Appeared at Adept % Correct
AlhafraEoleo
41.1%
XianFeizhi
38.7%
LemuriaHydros
36%
Gaia RockSusa
34.8%
KimbomboAkafubu
33%
IzumoKushinada
30.7%
GarohMaha
29.5%
ProxPuelle
28%
Fuchin TempleNyunpa
25.9%
IzumoUzume
25.3%
ImilJustin
24.7%
LemuriaConservato
24.7%
ImilMegan
20.8%
ValeKay
18.5%
ValeAaron
17.9%
ContigoAhri
14.3%

You're not logged in!

Compare scores with friends on all Sporcle quizzes.
Join for Free
OR
Log In

You Might Also Like...

Show Comments

Extras

Top Quizzes Today


Score Distribution

Your Account Isn't Verified!

In order to create a playlist on Sporcle, you need to verify the email address you used during registration. Go to your Sporcle Settings to finish the process.

Report this User

Report this user for behavior that violates our Community Guidelines.

Details: